[Event "Manx Liberty Masters 2021"]
[Site "Douglas, Isle of Man"]
[Date "2021.09.20"]
[Round "8.2"]
[White "Kolbus, Dietmar"]
[Black "McShane, Luke J"]
[Result "0-1"]
[WhiteElo "2295"]
[BlackElo "2674"]
[Annotator "TA"]
[PlyCount "178"]
[EventDate "2021.09.18"]
[EventType "tourn"]
[EventCountry "GBR"]
[SourceTitle "playchess.com"]
[Source "ChessBase"]
[SourceQuality "1"]

{[%evp 13,178,7,14,0,0,-10,-15,-44,-30,-26,-23,-23,-7,-20,-9,-19,-8,-12,-11,-8,-15,-28,-6,-24,-20,-35,-34,-26,-26,-50,-52,-57,0,-66,-33,-47,-50,-58,-54,-52,-31,-42,-22,-25,-21,-22,-31,-72,-72,-75,-64,-64,-70,-74,-65,-66,-65,-74,-68,-75,-74,-75,-73,-79,-76,-85,-85,-85,-85,-84,-84,-91,-87,-89,-74,-84,-78,-110,-110,-115,-115,-126,-101,-101,-101,-101,-101,-101,-101,-101,-101,-101,-101,-101,-101,-101,-101,-101,-101,-101,-101,-101,-101,-101,-101,-101,-101,-101,-85,-92,-85,-101,-101,-101,-101,-101,-101,-101,-101,-101,-101,-101,-101,-101,-101,-101,-81,-101,-101,-101,-101,-101,-85,-101,-101,-101,-85,-116,-116,-152,-116,-116,-116,-116,-116,-116,-116,-116,-78,-29959,-5310,-29973,-29974,-29976,-29977,-29977,-29978,-29979,-29980,-29980,-29981,-29981,-29982,-29982,-29983,-29980,-29981]} 1. e4 c5 2. Nf3 Nc6 3. Bb5 e6 4. O-O Nge7 5. Re1 a6 6. Bf1 d5 7. exd5 Nxd5 8. c3 {B30: Sicilian: 2...Nc6 3 Bb5, lines without ...g6.} Be7 9. Na3 O-O 10. Nc2 {[#] The position is equal.} Qc7 $146 ({Predecessor:} 10... Bd7 11. d4 cxd4 12. Ncxd4 Bf6 13. Nxc6 Bxc6 14. Ne5 Rc8 15. Nxc6 Rxc6 16. Qb3 Qb6 {1-0 (70) Sanduleac,V (2393)-Vavric,P (2253) Kishinev 2015}) 11. d4 Rd8 12. Qe2 b6 13. g3 Bb7 14. Bg2 cxd4 15. Ncxd4 Nxd4 16. Nxd4 Rac8 17. Nf3 Bf8 18. Nd2 b5 19. a3 Nb6 20. Bxb7 Qxb7 21. Nf1 Nc4 22. Nd2 Nb6 23. Nf1 Rd5 24. Be3 Nc4 25. Rad1 Rcd8 26. Rxd5 Rxd5 27. Bd4 e5 28. Be3 Qd7 29. Bc1 Rd3 30. a4 bxa4 31. Qe4 Qd5 32. Qxd5 Rxd5 33. Ne3 Nxe3 34. Bxe3 $17 {[%mdl 4096] Endgame KRB-KRB} Rd3 35. Rc1 f6 36. Kf1 a3 37. bxa3 Bxa3 38. Rc2 Be7 39. Ra2 Rxc3 40. Rxa6 h5 41. Ra7 Kf7 42. h3 Ke6 43. Ra6+ Kf5 44. Ra4 Kg6 45. g4 Bc5 46. Bxc5 Rxc5 {KR-KR} 47. Kg2 Kg5 48. gxh5 Rc7 49. Rg4+ Kxh5 50. f4 exf4 51. Rxf4 Rc5 52. Ra4 Rg5+ 53. Kf3 Rf5+ 54. Kg3 Re5 55. Rh4+ Kg6 56. Ra4 Re3+ 57. Kg2 Re7 58. Kg3 Kf5 59. Rf4+ Ke5 60. Ra4 Rd7 61. Kg2 f5 62. Ra5+ Kf4 63. Ra4+ Kg5 $1 64. Kg3 Rd6 65. Rb4 g6 66. Ra4 Rd3+ 67. Kg2 Re3 68. Rb4 Re4 69. Rb8 Kf4 70. Kf2 Rd4 71. Rb2 Kg5 72. Rb8 Rd2+ 73. Kf3 Rd3+ 74. Kg2 Kf4 75. Rb6 Rd2+ 76. Kg1 Kg5 77. Ra6 Kh5 {...g5 is the strong threat.} 78. Rf6 Re2 79. Kh1 Kg5 80. Ra6 f4 81. Kg1 $2 {[%mdl 8192] Loses the game.} (81. Ra4 $17) 81... Kh5 (81... Re3 $142 82. Kh2 Kh5 83. Kg2 Rg3+ 84. Kh2 Kh4 85. Kh1 Rxh3+ 86. Kg2 Rg3+ 87. Kf2 g5 88. Rb6 Rh3 89. Rb4 Kg4 90. Kg2 Re3 91. Kf2 Ra3 92. Rb2 Ra4 93. Kg1 f3 94. Kf2 Re4 95. Kf1 Kg3 96. Rd2 Re2 97. Rd7 g4 98. Rd8 Rh2 99. Ke1 Ra2 100. Rd3 Kg2 101. Rd2+ f2+ 102. Kd1 Rxd2+ 103. Kxd2 f1=Q 104. Kc2 Qc4+ 105. Kb1 g3 106. Ka1 Kf2 107. Kb2 g2 108. Kb1 g1=Q+ 109. Kb2 Qgc1#) 82. Rf6 {[#]} g5 $1 {Black mates.} 83. Rf8 {[#]} Kh4 $1 {[%cal Rh4h3]} 84. Kf1 Rh2 85. Rh8+ Kg3 86. Rg8 Rh1+ 87. Ke2 f3+ 88. Ke3 Re1+ 89. Kd2 f2 {Weighted Error Value: White=0.06/Black=0.05} 0-1

[Event "Manx Liberty Masters 2021"]
[Site "Douglas, Isle of Man"]
[Date "2021.09.20"]
[Round "8.3"]
[White "Galyas, Miklos"]
[Black "Csonka, Balazs"]
[Result "1/2-1/2"]
[WhiteElo "2448"]
[BlackElo "2496"]
[Annotator "ChessBase"]
[PlyCount "65"]
[EventDate "2021.09.18"]
[EventType "tourn"]
[EventCountry "GBR"]
[SourceTitle "playchess.com"]
[Source "ChessBase"]
[SourceQuality "1"]
[TimeControl "40/5400+30:900+30"]

1. d4 {[%emt 0:00:00]} Nf6 {[%emt 0:00:00]} 2. Nf3 {[%emt 0:00:00]} d5 {[%emt 0:00:00]} 3. Bf4 {[%emt 0:00:00]} Bf5 {[%emt 0:00:00]} 4. c4 {[%emt 0:00:00]} e6 {[%emt 0:00:00]} 5. Qb3 {[%emt 0:03:16]} dxc4 {[%emt 0:02:53]} 6. Qxb7 {[%emt 0:04:52]} Be4 {[%emt 0:05:53]} 7. Qxc7 {[%emt 0:03:14]} Bb4+ {[%emt 0:02:53]} 8. Nbd2 {[%emt 0:00:27]} Qxc7 {[%emt 0:00:49]} 9. Bxc7 {[%emt 0:00:08]} Ke7 {[%emt 0:02:23]} 10. a3 {[%emt 0:04:31]} c3 {[%emt 0:04:05]} 11. bxc3 {[%emt 0:05:14]} Bxc3 {[%emt 0:00:17]} 12. Rc1 {[%emt 0:00:06]} Bb2 {[%emt 0:01:43]} 13. Bd6+ {[%emt 0:01:39]} Kxd6 {[%emt 0:00:54]} 14. Nc4+ {[%emt 0:00:10]} Ke7 {[%emt 0:00:40]} 15. Nxb2 {[%emt 0:00:07]} Nbd7 {[%emt 0:04:36]} 16. Nd2 {[%emt 0:04:50]} Rhc8 {[%emt 0:01:41]} 17. Nbc4 {[%emt 0:02:52]} Nb6 {[%emt 0:04:11]} 18. f3 {[%emt 0:01:52]} Bd5 {[%emt 0:00:16]} 19. e4 {[%emt 0:00:05]} Rc6 {[%emt 0:04:05]} 20. Kf2 {[%emt 0:03:45]} Bxc4 {[%emt 0:01:41]} 21. Nxc4 {[%emt 0:00:12]} Rd8 {[%emt 0:00:24]} 22. Be2 {[%emt 0:03:15]} Nxc4 {[%emt 0:00:28]} 23. Rxc4 {[%emt 0:00:07]} Rxc4 {[%emt 0:00:05]} 24. Bxc4 {[%emt 0:00:07]} Rxd4 {[%emt 0:00:09]} 25. Rc1 {[%emt 0:00:49]} Rd7 {[%emt 0:01:24]} 26. Bb5 {[%emt 0:01:23]} Rb7 {[%emt 0:00:58]} 27. a4 {[%emt 0:01:59]} Ne8 {[%emt 0:01:19]} 28. Bxe8 {[%emt 0:00:33]} Kxe8 {[%emt 0:00:07]} 29. Rc5 {[%emt 0:00:15]} Kd7 {[%emt 0:00:09]} 30. Ra5 {[%emt 0:02:30]} Kc6 {[%emt 0:01:20]} 31. Ke3 {[%emt 0:00:13]} Kb6 {[%emt 0:00:06]} 32. Rb5+ {[%emt 0:00:07]} Kc6 {[%emt 0:00:05]} 33. Ra5 {[%emt 0:00:07]} 1/2-1/2

[Event "Manx Liberty Masters 2021"]
[Site "Douglas, Isle of Man"]
[Date "2021.09.20"]
[Round "8.4"]
[White "Lupulescu, Constantin"]
[Black "Parligras, Mircea-Emilian"]
[Result "1/2-1/2"]
[WhiteElo "2660"]
[BlackElo "2583"]
[Annotator "TA"]
[PlyCount "60"]
[EventDate "2021.09.18"]
[EventType "tourn"]
[EventCountry "GBR"]
[SourceTitle "playchess.com"]
[Source "ChessBase"]
[SourceQuality "1"]

{[%evp 10,60,15,14,35,14,21,20,15,31,36,24,18,12,19,0,0,0,25,22,23,0,7,0,5,0,14,14,14,9,10,12,11,14,17,0,17,17,29,9,9,10,23,23,23,23,23,23,23,15,23,15,17]} 1. d4 Nf6 2. c4 e6 3. Nf3 d5 4. Nc3 Bb4 5. Qb3 c5 6. dxc5 Nc6 {[#] White must now prevent ...d4. D38: Queen's Gambit Declined: Ragozin Defence (4 Nf3 Bb4).} 7. Bg5 Qa5 {aiming for ...d4.} 8. Bxf6 dxc4 9. Qxc4 gxf6 10. Rc1 Qxc5 11. Qh4 Ke7 12. e3 (12. g3 {keeps more tension.} Bxc3+ 13. Rxc3 Qb4 14. Qxb4+ Nxb4 15. a3) 12... Bxc3+ 13. Rxc3 Qb4 (13... Qb6 {looks sharper.} 14. Rc2 e5 15. Bd3 Rd8 16. Bxh7 Qa5+) 14. Qxb4+ Nxb4 {[#]} 15. a3 $146 ({Predecessor:} 15. Rc7+ Bd7 16. Bb5 Rhd8 17. Ke2 a6 18. Rxd7+ Rxd7 19. Bxd7 Kxd7 20. Rd1+ Ke7 21. a3 Nc6 22. Nd4 Nxd4+ 23. Rxd4 Rc8 24. Kd2 {½-½ (24) Horvath,D (2455)-Parligras,M (2591) Reykjavik 2021}) 15... Nd5 16. Rc1 Bd7 17. Bd3 Rac8 18. Kd2 h6 19. Rxc8 (19. g3 {is more complex.} f5 20. Ne5 Nf6 21. f3 Rhd8 22. Rxc8 Rxc8 23. Rc1) 19... Rxc8 20. Rc1 Rxc1 21. Kxc1 $11 {[%mdl 4096] Endgame KBN-KBN} Kd6 22. Kd2 Bc6 23. Nd4 Bd7 24. Nb5+ (24. e4 {is interesting.} Ne7 25. Bc4 Ke5 26. Ke3 Kd6 27. g4) 24... Bxb5 25. Bxb5 {KB-KN} Nc7 26. Be2 f5 27. Bh5 f6 28. Kd3 b6 29. g3 Kd5 30. Bf3+ Kc5 {A rather calm draw.  Weighted Error Value: White=0.05/Black=0.05} 1/2-1/2

[Event "Manx Liberty Masters 2021"]
[Site "Douglas, Isle of Man"]
[Date "2021.09.20"]
[Round "8.5"]
[White "Erdos, Viktor"]
[Black "Piorun, Kacper"]
[Result "1/2-1/2"]
[WhiteElo "2622"]
[BlackElo "2638"]
[Annotator "TA"]
[PlyCount "70"]
[EventDate "2021.09.18"]
[EventType "tourn"]
[EventCountry "GBR"]
[SourceTitle "playchess.com"]
[Source "ChessBase"]
[SourceQuality "1"]

{[%evp 11,70,12,21,14,16,10,7,12,12,14,16,17,27,33,44,12,45,47,48,52,99,79,71,63,67,31,69,9,26,19,15,18,33,43,64,58,54,0,0,0,59,50,59,0,0,0,0,0,0,0,39,31,64,5,50,0,91,0,46,0,122]} 1. e4 c5 2. Nf3 d6 3. Bb5+ Bd7 4. c4 e5 5. Bxd7+ Qxd7 6. Nc3 Nc6 7. a3 {B52: Sicilian: Moscow Variation with 3...Bd7.} g6 8. O-O Bg7 9. b4 Nge7 10. Rb1 O-O 11. d3 h6 12. Nd5 f5 13. Be3 f4 14. Bd2 g5 15. h3 {[#]} Ng6 $146 ({Predecessor:} 15... Rab8 16. Bc3 Rf7 17. Nh2 Nd4 18. Bxd4 exd4 19. Qg4 Qxg4 20. Nxe7+ Rxe7 21. hxg4 Kf7 22. bxc5 dxc5 {½-½ (43) Sokolsky,A-Plater,K Moscow 1947}) 16. Bc3 Rf7 17. Re1 Re8 18. Kf1 Nce7 19. Qb3 (19. bxc5 $14 Nxd5 20. cxd5 (20. exd5 dxc5 21. Kg1 b6 $16)) 19... Nxd5 20. cxd5 cxb4 21. Qxb4 Rc8 22. Rec1 Qe7 23. Bd2 Rcf8 24. Ke2 ({White should play} 24. Nh2 $14) 24... h5 $11 25. Rh1 g4 (25... Bf6 $11) 26. hxg4 $14 hxg4 27. Ne1 (27. Nh2 $1 $14) 27... Bf6 $11 28. f3 Bh4 29. fxg4 Bxe1 30. Bxe1 ({Avoid the trap} 30. Kxe1 $2 Qg5 $19) 30... Rc8 31. Kf3 Rc2 32. Rb2 (32. Qa4 $14 Rc8 33. Qxa7) 32... Rc1 33. Rb1 (33. Qd2 $5 {[%cal Rd2c1]} Ra1 34. Ra2 Rxa2 35. Qxa2 $14) 33... Rc2 34. Rb2 Rc1 ({Of course not} 34... a5 $6 35. Qb6 $16) 35. Rb1 (35. Qd2 $14 Ra1 36. Ra2 Rxa2 37. Qxa2) 35... Rc2 {Weighted Error Value: White=0.22/Black=0.13} 1/2-1/2

[Event "Manx Liberty Masters 2021"]
[Site "Douglas, Isle of Man"]
[Date "2021.09.26"]
[Round "9.1"]
[White "McShane, Luke J"]
[Black "Lupulescu, Constantin"]
[Result "1/2-1/2"]
[WhiteElo "2674"]
[BlackElo "2660"]
[Annotator "TA"]
[PlyCount "43"]
[EventDate "2021.09.18"]
[EventType "tourn"]
[EventCountry "GBR"]
[SourceTitle "playchess.com"]
[Source "ChessBase"]
[SourceQuality "1"]

{[%evp 9,43,7,24,25,26,14,11,6,13,12,18,12,19,7,27,11,22,0,-6,-8,0,0,0,-23,-9,-29,-10,-11,8,-14,0,-10,0,-16,0,-22]} 1. e4 e6 2. d4 d5 3. exd5 exd5 4. Nf3 Nf6 5. Bd3 c5 6. O-O {C01: French: Exchange Variation.} c4 7. Be2 Bd6 8. b3 cxb3 $1 9. axb3 O-O 10. c4 Nc6 11. Nc3 h6 12. cxd5 Nb4 13. Bc4 a6 14. Ne5 Bf5 15. Qf3 Bh7 16. Bf4 Rc8 17. Rac1 {[#]} Re8 $5 $146 {[%mdl 8] New and interesting.} ({Predecessor:} 17... Nc2 18. Rfd1 Ba3 19. Rb1 Nb4 20. d6 b5 21. Be2 Bxb1 22. Nxb1 Bb2 23. Nd2 Bxd4 {1-0 (34) Gajewski,G (2588)-Krainski,S (2136) Zgierz 2018}) 18. Rfd1 {The position is equal.} Nc2 19. Ne2 Nb4 20. Nc3 Nc2 21. Ne2 Nb4 22. Nc3 {An uneventful encounter.  Weighted Error Value: White=0.08/Black=0.06} 1/2-1/2

[Event "Manx Liberty Masters 2021"]
[Site "Douglas, Isle of Man"]
[Date "2021.09.26"]
[Round "9.2"]
[White "Csonka, Balazs"]
[Black "Pert, Richard G"]
[Result "1/2-1/2"]
[WhiteElo "2496"]
[BlackElo "2416"]
[Annotator "ChessBase"]
[PlyCount "74"]
[EventDate "2021.09.18"]
[EventType "tourn"]
[EventCountry "GBR"]
[SourceTitle "playchess.com"]
[Source "ChessBase"]
[SourceQuality "1"]
[TimeControl "40/5400+30:900+30"]

1. e4 {[%emt 0:00:00]} c6 {[%emt 0:00:00]} 2. d4 {[%emt 0:00:00]} d5 {[%emt 0:00:00]} 3. e5 {[%emt 0:00:00]} Bf5 {[%emt 0:00:00]} 4. Nf3 {[%emt 0:00:00]} e6 {[%emt 0:00:00]} 5. Be2 {[%emt 0:00:00]} Ne7 {[%emt 0:00:00]} 6. O-O {[%emt 0:00:00]} Ng6 {[%emt 0:00:00]} 7. Be3 {[%emt 0:00:00]} Nd7 {[%emt 0:00:00]} 8. Ne1 {[%emt 0:00:00]} h5 {[%emt 0:00:00]} 9. c3 {[%emt 0:00:00]} Qb6 {[%emt 0:01:43]} 10. Qd2 {[%emt 0:00:00]} f6 {[%emt 0:06:38]} 11. f4 {[%emt 0:00:00]} c5 {[%emt 0:06:14]} 12. Bd3 {[%emt 0:24:32]} Bxd3 {[%emt 0:05:14]} 13. Qxd3 {[%emt 0:03:14]} f5 {[%emt 0:03:07]} 14. b3 {[%emt 0:03:14]} Qa6 {[%emt 0:19:27]} 15. Qxa6 {[%emt 0:27:26]} bxa6 {[%emt 0:00:05]} 16. Nf3 {[%emt 0:00:13]} cxd4 {[%emt 0:15:54]} 17. Nxd4 {[%emt 0:01:29]} Kf7 {[%emt 0:01:24]} 18. Nd2 {[%emt 0:01:01]} Bc5 {[%emt 0:08:37]} 19. c4 {[%emt 0:05:45]} dxc4 {[%emt 0:19:12]} 20. Nxc4 {[%emt 0:00:24]} Ne7 {[%emt 0:00:17]} 21. Rfd1 {[%emt 0:16:23]} Nb6 {[%emt 0:00:15]} 22. Nxf5 {[%emt 0:06:31]} Nxf5 {[%emt 0:00:40]} 23. Bxc5 {[%emt 0:00:08]} Nxc4 {[%emt 0:00:07]} 24. bxc4 {[%emt 0:00:05]} Rhc8 {[%emt 0:00:21]} 25. Rd7+ {[%emt 0:00:48]} Ke8 {[%emt 0:00:42]} 26. Rxa7 {[%emt 0:00:06]} Rxa7 {[%emt 0:00:17]} 27. Bxa7 {[%emt 0:00:05]} Rxc4 {[%emt 0:00:08]} 28. g3 {[%emt 0:00:42]} Rc2 {[%emt 0:02:14]} 29. Bf2 {[%emt 0:00:46]} Kd7 {[%emt 0:00:55]} 30. a4 {[%emt 0:03:18]} Kc6 {[%emt 0:00:28]} 31. a5 {[%emt 0:02:28]} Kd5 {[%emt 0:00:54]} 32. Ra4 {[%emt 0:00:33]} Kc6 {[%emt 0:05:42]} 33. Rb4 {[%emt 0:03:43]} Ra2 {[%emt 0:00:19]} 34. Rb6+ {[%emt 0:00:08]} Kd5 {[%emt 0:00:15]} 35. Rxa6 {[%emt 0:00:17]} Ke4 {[%emt 0:00:25]} 36. Rb6 {[%emt 0:02:02]} h4 {[%emt 0:04:43]} 37. Rb4+ {[%emt 0:03:01]} Kf3 {[%emt 0:00:11]} 1/2-1/2

[Event "Manx Liberty Masters 2021"]
[Site "Douglas, Isle of Man"]
[Date "2021.09.26"]
[Round "9.3"]
[White "Piorun, Kacper"]
[Black "Gavrilescu, David"]
[Result "1/2-1/2"]
[WhiteElo "2638"]
[BlackElo "2477"]
[Annotator "TA"]
[PlyCount "64"]
[EventDate "2021.09.18"]
[EventType "tourn"]
[EventCountry "GBR"]
[SourceTitle "playchess.com"]
[Source "ChessBase"]
[SourceQuality "1"]

{[%evp 22,64,-41,-48,-28,-57,-31,-33,-41,-69,-60,-64,-41,-71,-39,-64,-24,-97,-60,-76,-79,-108,-91,-119,-129,-129,-124,-118,-113,-116,-68,-144,-125,-192,-199,-248,-236,-270,-285,-326,-120,-128,-106,-112,-108]} 1. Nf3 d5 2. g3 Nf6 3. Bg2 e6 4. O-O Be7 5. d3 O-O 6. Nbd2 c5 7. e4 Nc6 8. Re1 Qc7 9. Qe2 b5 10. e5 Nd7 11. Nf1 Bb7 $1 {[%mdl 4] is recently more successful than 11...a5.} 12. h4 h6 {C00: French: Unusual White 2nd moves.} 13. N1h2 Rfc8 14. Bf4 a5 {Black is slightly better.} 15. h5 Qd8 16. c3 {[#]} Nb6 $146 ({Predecessor:} 16... b4 17. Ng4 Bf8 18. Qd2 a4 19. c4 Ne7 20. Nh4 Ra7 21. Rad1 Nb6 22. Qc1 Kh8 {1-0 (47) Paichadze,L (2564)-Garifullina,L (2106) Moscow 2018}) 17. Ng4 Qf8 18. Qd2 Kh8 19. Nfh2 (19. Nxh6 $11 {remains equal.} gxh6 20. Bxh6) 19... Nd7 20. Qe2 a4 21. a3 b4 22. c4 dxc4 23. dxc4 {[#]} Nd4 $1 24. Qd3 Bxg2 25. Kxg2 Rab8 (25... Rd8 {seems wilder.} 26. axb4 Nb3 27. b5 Nb6 28. Qc2 Rd4) 26. Ne3 (26. Qe4 $15) 26... Qe8 27. axb4 (27. Ra2 $17 {was necessary.}) 27... Rxb4 $19 28. Nd1 Nb6 29. Bd2 Qc6+ ({And not} 29... Rxc4 30. Ne3 $11) 30. Kg1 Rb3 {[#]} ({Stronger than} 30... Rxc4 31. Ne3 $11) (30... Rd8 $19 {and Black stays clearly on top. aiming for ...Nb3.} 31. Bxb4 cxb4) 31. Bc3 $17 Rd8 32. Qe4 Qxe4 {Weighted Error Value: White=0.22/Black=0.28} 1/2-1/2

[Event "Manx Liberty Masters 2021"]
[Site "Douglas, Isle of Man"]
[Date "2021.09.26"]
[Round "9.4"]
[White "Parligras, Mircea-Emilian"]
[Black "Kolbus, Dietmar"]
[Result "1-0"]
[WhiteElo "2583"]
[BlackElo "2295"]
[Annotator "TA"]
[PlyCount "85"]
[EventDate "2021.09.18"]
[EventType "tourn"]
[EventCountry "GBR"]
[SourceTitle "playchess.com"]
[Source "ChessBase"]
[SourceQuality "1"]

{[%evp 22,85,53,35,95,43,88,89,83,91,87,39,32,33,45,36,40,40,36,41,63,68,87,56,90,68,107,78,61,56,56,30,45,0,0,-10,0,-29,-17,-29,-23,-14,-17,-25,0,5,24,0,0,0,197,197,360,363,506,435,472,452,437,445,477,479,459,480,552,533]} 1. d4 d5 2. c4 c6 3. Nc3 Nf6 4. e3 e6 5. Nf3 Nbd7 6. Bd3 Bd6 7. e4 dxe4 8. Nxe4 Nxe4 9. Bxe4 Bb4+ 10. Bd2 Qa5 {has lost popularity (10...Bxd2+).} 11. O-O Bxd2 12. Nxd2 c5 {D46: Semi-Slav: 5 e3 Nbd7 6 Bd3, Black avoids the Meran.} (12... O-O $14) 13. d5 (13. Nb3 $16 Qc7 14. dxc5) 13... exd5 {[#]} 14. Bxd5 $146 ({Predecessor:} 14. cxd5 O-O 15. Qc2 h6 16. Rac1 Qd8 17. Rfd1 b6 18. d6 Rb8 19. Nc4 Re8 20. Re1 {½-½ (41) Matsuura,E (2437)-Caldeira,A (2318) Brasilia 2001}) 14... O-O {White is better.} 15. Ne4 Qb6 16. Qf3 Qxb2 17. Rfe1 Nb6 18. Rab1 Qe5 19. Nxc5 Qc7 20. Ne4 Nxd5 21. cxd5 Qd8 22. d6 Rb8 23. Rbd1 {aiming for d7!} b6 24. Ng3 Re8 25. Rxe8+ Qxe8 26. Qf4 {[#] Strongly threatening d7!} Bd7 27. h4 Qe6 28. a3 Rc8 29. Qd2 Rc6 30. Nh5 Qe5 31. Nf4 h6 32. Nd5 {[#] Ne7+ is the strong threat.} Rc5 ({Stronger than} 32... Qxd6 33. Qe1 $16) 33. Ne7+ Kh8 34. Re1 Qf6 35. Qd3 g6 $2 (35... Qc3 $11 {and Black stays safe.} 36. Qe2 Kh7) 36. Qe4 $18 {Black must now prevent Qa8+.} Kh7 $2 (36... Qxd6 37. Qa8+ {[%mdl 64] Double Attack} Bc8) 37. Qa8 {[%csl Ge7][%cal Ra8g8]} Qg7 38. Qd8 {White is clearly winning.} Bb5 {and if ...Qh8 works, Black does fine.} 39. d7 Bxd7 40. Qxd7 Re5 41. Rxe5 Qxe5 42. Qe8 {[%csl Ge7][%cal Re8g8]} Qg7 43. g3 {Weighted Error Value: White=0.16/Black=0.35} 1-0

[Event "Manx Liberty Masters 2021"]
[Site "Douglas, Isle of Man"]
[Date "2021.09.26"]
[Round "9.5"]
[White "Erdos, Viktor"]
[Black "Galyas, Miklos"]
[Result "1/2-1/2"]
[WhiteElo "2622"]
[BlackElo "2448"]
[Annotator "TA"]
[PlyCount "61"]
[EventDate "2021.09.18"]
[EventType "tourn"]
[EventCountry "GBR"]
[SourceTitle "playchess.com"]
[Source "ChessBase"]
[SourceQuality "1"]

{[%evp 13,61,24,43,24,29,34,31,31,26,34,31,31,44,33,42,25,27,31,50,40,56,50,58,75,86,93,80,82,100,68,107,75,136,140,159,120,170,145,181,0,0,0,0,0,0,0,0,0,0,0]} 1. e4 d6 2. d4 Nf6 3. Nc3 g6 4. Nf3 Bg7 5. Be2 O-O 6. O-O a6 7. a4 {[%cal Ba2a4,Ba4a5][%mdl 32]} Nc6 8. d5 {B08: Pirc Defence: Classical System.} Nb4 9. a5 e6 $1 10. Bg5 {White is slightly better.} h6 11. Be3 exd5 12. exd5 {[#]} b5 $146 ({Predecessor:} 12... Bf5 13. Nd4 Bd7 14. Bf3 Rb8 15. Qd2 Kh7 16. h3 c5 17. dxc6 bxc6 18. Nde2 c5 {1-0 (34) Yu,Y (2750)-Zhou,J (2613) China 2017}) 13. axb6 cxb6 14. Qd2 Kh7 15. Bc4 Bb7 16. Bd4 b5 17. Bb3 a5 18. Nxb5 Nbxd5 19. Bxd5 Nxd5 20. Bxg7 Kxg7 21. Ra4 Nb4 22. Nfd4 Qf6 (22... Qg5 $142 23. Qxg5 hxg5) 23. Ra3 $16 h5 24. h3 Kg8 25. Rg3 Rae8 {[#]} 26. Qg5 $2 (26. f4 $1 $18) 26... Qxg5 $11 {The position is equal.} 27. Rxg5 Ba6 28. c4 Re5 29. f4 Rxg5 30. fxg5 d5 31. Ra1 {Weighted Error Value: White=0.18/Black=0.10} 1/2-1/2